000
nam a22 7a 4500
999
_c
234850
_d
234850
003
Nust
005
20170331115914.0
008
170331b xxu||||| |||| 00| 0 eng d
040
_c
DLC
082
_a
388.4095 SUS
245
_a
Sustainable Urban Transport in Asia Making the Vision a Reality : Main Report
942
_2
ddc
_c
BK